LEADER 01432nam a2200301 i 4500 001 991003976619707536 005 20020509151734.0 008 970717s1991 us ||| | eng| 035 $ab1124317x-39ule_inst 035 $aPARLA192507$9ExL 040 $aDip.to Scienze Storiche Fil. e Geogr.$bita 082 04$a320.540956940973 245 00$aPalestine in postwar United States and world affairs /$cedited with an introduction by Aaron S. Klieman 260 $aNew York ; London :$bGarland,$cc1991 300 $a2 v. ;$c29 cm. 490 0 $aAmerican Zionism ;$v11,1 490 0 $aAmerican Zionism ;$v11,2 650 4$aSionismo$zStati Uniti d'America$xStoria$vFonti 650 4$aEbrei statunitensi$xAttività politica$vFonti 651 4$aStati Uniti d'America$xRelazioni internazionali$vFonti 700 1 $aKlieman, Aaron S. 907 $a.b1124317x$b04-04-17$c01-07-02 912 $a991003976619707536 945 $aLE023 320.54 Coll. I, 11.1$g1$i2023000170540$lle023$nV.11,1$nLE009 Stor. 79.1-475/11,1 (vecchia collocazione)$o-$pE0.00$q-$rn$so $t0$u1$v0$w1$x0$y.i11401862$z01-07-02 945 $aLE023 320.54 Coll. I, 11.2$g1$i2023000170557$lle023$nV.11,2$nLE009 Stor. 79.1-475/11,2 (vecchia collocazione)$o-$pE0.00$q-$rn$so $t0$u0$v0$w0$x0$y.i11401874$z01-07-02 996 $aPalestine in postwar United States and world affairs$91745241 997 $aUNISALENTO 998 $ale023$b01-01-97$cm$da $e-$feng$gus $h0$i2